=LDR 00000nam 2200000 4500 =001 000382 =005 20250710030957 =035 ##$$a 0010-0725000242 =007 ta =008 250710################a##########0#ind## =020 ##$$a 978-623-307-277-9 =082 ##$$a 398.209 598 =084 ##$$a 398.209 598 RAO p =100 #$$a Rao Sudeepta =245 1#$$a Perasaanku /$c Sudeepta Rao =250 ##$$a Cetakan pertama =260 ##$$a Rawamangun :$b Badan pengembangan dan pusat bahasa,$c 2022 =300 ##$$a 16 hlm. : $b Ilus. ; $c 21 cm. =990 ##$$a TBM01030103